000 00538nam a2200205 i 4500
001 bgj
100 1 _aCRICHTON, Michael
_d(1942- )
245 1 0 _aThe Great Train Robbery /
_cMichael Critchton.
260 _aNew York :
_bAlfred A. Knopf, Inc.,
_c1975.
300 _a266 pp ;
_c22 cm.
490 1 _aA Borzoi Book
650 9 _aTrain robberies
_xFiction
830 _aA Borzoi Book
020 _a0394494016
040 _cBPK
041 0 _aeng
920 _a0-394-49401-6
942 _cKS
008 s uk f |000 0 eng
999 _c48698
_d48698
856 _uhttp://koha.tu.koszalin.pl/cgi-bin/koha/opac-detail.pl?biblionumber=48698
_yKatalog online BPK